Philosophen A-Z - Statistiken

Allgemein
  • Dieses Quiz wurde 464 mal gespielt
    451 seit der letzten Aktualisierung
  • Das Durchschnittsergebnis liegt bei 11 aus 25
Antwortstatistiken
Hinweis Antwort % Korrekt
A Antiker Philosoph mit wichtigen Beiträgen in allen Philosophischen und Wissenchaftlichen Bereichen, insbesondere der Logik Aristoteles
88%
P Wichtiger antiker Philosoph, stellte das Höhlengleichnis auf und führte die Ideenlehre ein, Schüler von S, der Protagonist seiner Dialoge ist Platon
83%
K Königsberger Schöpfer des Kategorischen Imperatives, Autor der Kritik der reinen Vernunft Immanuel Kant
82%
S Philosoph aus Athen, der wegen "Verderbung der Jugend" zum Tode verurteilt wurde, "Ich weiß, dass ich nichts weiß" Sokrates
79%
M Wichtigster Philosoph des Kommunismus, Autor von Das Kapital, Freund von Friedrich Engels Karl Marx
77%
N Deutscher Philosoph, Autor von Also sprach Zarathustra, Genealogie der Moral; "Gott ist tot" Friedrich Nietzsche
75%
E Wichtiger Philosoph des Humanismus, Namensgeber des europäischen Studentenaustauschprogramms Erasmus von Rotterdam
62%
D Rationalistischer Philosoph, "Cogito ergo sum", Erfinder des Koordinatensystems Rene Descartes
62%
H Bedeutendster Vertreter des Deutschen Idealismuses, prägte den Begriff der Dialektik, notorisch schwierig zu verstehen Georg Wilhelm Friedrich Hegel
54%
C Absurdistisch-Existenzialistischer Philosoph, schrieb Der Fremde, Die Pest und Der Mythos des Sysiphos Albert Camus
50%
R Französischer Philosoph der Aufklärung und Vordenker der französischen Revolution: Der Gesellschaftsvertrag, Emile Jean-Jacques Rousseau
44%
L Britischer Empirist, wichtiger Denker des Liberalismus John Locke
39%
B Feministisch-Existenzialistische Philosophin und Schriftstellerin, Geliebte von Sartre Simone de Beauvoir
39%
V Französischer Philosoph und Schriftsteller der Aufklärung, der unter anderem am Hof Friedrich des Großen wirkte Voltaire
38%
U Russischer Revolutionär, Philosoph und Diktator, der die Sowjetunion ausrief und besser unter seinem Pseudonym bekannt ist Wladimir Iljitsch Uljanow (Lenin)
38%
T Einflussreichster christlicher Philosoph des Mittelalters und katholischer Kirchenlehrer, seine Philosophie ist die offizielle Philosophie des Vatikans Thomas von Aquin
31%
W Österreichischer Sprachphilosoph, der die analytische Philosophie stark beeinflusste: Tractatus logico-philosophicus, Philosophische Untersuchungen Ludwig Wittgenstein
29%
F Postmoderner französischer Philosoph: Überwachen und Strafen, Geschichte der Sexualität, Die Geburt der Klinik Michel Foucault
26%
Z Begründer der philosophischen Schule der Stoa Zenon von Kition
17%
J Deutscher Existenzialist und Psychater, Lehrer und Freund von Hannah Arendt Karl Jaspers
14%
G Italienischer Philosoph und Chef der kommunistischen Partei, von den Faschisten verhaftet, schrieb er die einflussreichen "Gefängnishefte" Antonio Gramsci
9%
Q Holistischer Philosoph, der zusammen mit Pierre Duhem die wissenschaftsphilosophische Theorie der Falsifikation und des Positivismusses angriff Willard Van Orman Quine
9%
X Attischer Philosoph, Politiker, Feldherr und Historiker, Schüler von S, dessen Verteidigungsrede er wiedergibt Xenophon
9%
I Bedeutendster Philosoph und Universalgelehrter des goldenen Zeitalter des Islams, einflussreich auf die europäische Scholastik Ibn Sina
6%
O Früher antiker christlicher Theologe, welcher stark vom Gnostizismus beeinflusst wurde Origenes
3%
Keine übereinstimmenden Quizze gefunden
Verteilung der Resultate
Anzahl Personen mit jedem Resultat
Perzentil nach korrekt beantworteten Fragen
Ihre Resultats-Entwicklung
Sie haben dieses Quiz seit der letzten Aktualisierung nicht gespielt